| 000 | 00592nam a2200217Ia 4500 | ||
|---|---|---|---|
| 008 | 160303s9999 xx 000 0 und d | ||
| 020 | _a971-08-6487-4 | ||
| 050 | _aFIL HD 58.7 | ||
| 050 | _b.M57 2004 c.3 | ||
| 100 | _aMison, Ione B. | ||
| 245 | _aHuman behavior in business organization / | ||
| 245 | _cIone B. Mison. | ||
| 260 | _aMandaluyong: | ||
| 260 | _bNational Book Store, | ||
| 260 | _c2004 | ||
| 300 | _a329 pages : | ||
| 300 | _billustrations ; | ||
| 300 | _c22 cm. | ||
| 500 | _aIncludes bibliographical references and index. | ||
| 650 | _aOrganizational behavior. | ||
| 999 |
_c291153 _d291153 |
||